International Human Rights Law Before Constitutional Court of the Slovak Republic

Kvalitatívna analýza používania nástrojov medzinárodných ľudských práv v právnictve Ústavného súdu v Slovenskej republike. Interpretácia medzinárodných nástrojov Ústavným súdom, ich implementácia a zmeny v statuse nástrojov medzinárodných ľudských práv v právnictve Ústavného súdu.

Gespeichert in:
Bibliographische Detailangaben
1. Verfasser: Berdisová, Lucia
Format: Buchkapitel
Sprache:Englisch
Schlagworte:
Tags: Tag hinzufügen
Keine Tags, Fügen Sie das erste Tag hinzu!

MARC

LEADER 00000naa a2200000 4500
001 0241035
005 20180312101100.6
041 0 |a eng 
044 |a SK 
245 1 0 |a International Human Rights Law Before Constitutional Court of the Slovak Republic  |c Lucia Berdisová 
520 |a Kvalitatívna analýza používania nástrojov medzinárodných ľudských práv v právnictve Ústavného súdu v Slovenskej republike. Interpretácia medzinárodných nástrojov Ústavným súdom, ich implementácia a zmeny v statuse nástrojov medzinárodných ľudských práv v právnictve Ústavného súdu. 
610 2 0 |a právo 
610 2 0 |a právo medzinárodné 
610 2 0 |a právo ústavné 
610 2 0 |a súdy 
610 2 0 |a práva ľudské 
610 2 0 |a analýza kvalitatívna 
100 1 |a Berdisová, Lucia